01540 a2200205 45000010006000000050017000060080041000230030015000640400040000790800149001192450068002680200018003362640032003543000019003865050777004050410008011821000028011907000021012188560095012395395620260407155810.0260407a1990 arg spa dAR-UNSa-BCEJYS aAR-UNSa-BCEJYSbspacAR-UNSa-BCEJYS a336.748xPrecios del cambio de monedas. Movimientos de los precios de cambio. Fluctuaciones en los precios de cambio (Inflación, Deflación) 10aPolíticas de estabilización e hiperinflación en Argentina a950-718-006-0 1aBuenos Aires :bTesisc1990 a232 p.c20 cm. aLa Argentina y el Fondo en la década pasada - I. Introducción - II. La economía argentina en la década pasada - III. La Argentina y el Fondo en la década pasada - IV. Resumen y conclusiones - El Plan Austral: un año y medio después - I. Algunas consideraciones teóricas sobre las economías de alta inflación - II. Las medidas del Plan Austral y sus efectos iniciales - III. El comportamiento de la economía durante el Plan Austral - IV. Reflexiones finales - Desequilibrios,políticas de estabilización e hiperinflación en Argentina - I. Políticas de estabilización,desequilibrios estructurales y dinámica de corto plazo - II. Del Plan Austral a la hiperinflación - III. Algunas observaciones sobre la hiperinflación - IV. Conclusiones aspa1 aFanelli, José María1 aFrankel, Roberto41uhttps://biblioeco.unsa.edu.ar/pmb/images/libros/L128493.jpgyImagen de portadaqimage/jpeg